¿Existe el racismo en Honduras ?. Estereotipos mestizos y discursos garífunas /
Guardat en:
| Autor principal: | |
|---|---|
| Format: | Text |
| Matèries: | |
| Etiquetes: |
Afegir etiqueta
Sense etiquetes, Sigues el primer a etiquetar aquest registre!
|
MARC
| LEADER | 00000 a a2200000 04500 | ||
|---|---|---|---|
| 001 | 9573 | ||
| 003 | |||
| 040 | |||
| 100 | |a Anderson, Mark | ||
| 245 | |a ¿Existe el racismo en Honduras ?. Estereotipos mestizos y discursos garífunas / |c Mark Anderson | ||
| 650 | |a DISCRIMINACION RACIAL | ||
| 650 | |a MESTIZAJE | ||
| 650 | |a IDENTIDAD CULTURAL | ||
| 650 | |a HONDUREÑOS | ||
| 773 | |g volumen 22, número 42; páginas 135-163 | ||
| 999 | |c 29922 |d 29922 | ||
